| 000 | 00000nam##2200000za#4500 |
| 001 | 9.694135 |
| 003 | CaOODSP |
| 005 | 20220901140051 |
| 007 | cr ||||||||||| |
| 008 | 150407|2004||||xxc|||||o f|0| 0 eng|d |
| 040 | |aCaOODSP|beng |
| 043 | |an-cn--- |
| 086 | 1 |aJ4-7/2004E-PDF |
| 110 | 1 |aCanada.|bJustice Canada. |
| 245 | 10|aCrown decision-making under the Youth Criminal Justice Act / |h[electronic resource]|c[by] Sharon Moyer and Maryanna Basic. |
| 246 | 1 |aYouth Justice Research Series/Department of Justice Canada |
| 260 | |aOttawa - Ontario : |bJustice Canada |cMarch 2004. |
| 300 | |a60p.|breferences, tables |
| 590 | |a11-02-Supp|b2011-01-27 |
| 690 | 07|aDecision making|2gcpds |
| 690 | 07|aJuvenile court|2gcpds |
| 690 | 07|aYoung offenders|2gcpds |
| 720 | 1 |aMoyer, Sharon |
| 720 | 1 |aBasic, Maryanna |
| 775 | 08|tLes décisions prises par le ministère public en application de la Loi sur le système de justice pénale pour les adolescents / |w(CaOODSP)9.638315 |
| 856 | 40|ahttp://publications.gc.ca|qPDF|s4 MB|uhttps://publications.gc.ca/collections/collection_2010/justice/J4-7-2004-eng.pdf |
| 986 | |aRR04YJ-2e |